ptolemaea - ethel cain - Statistics

General Stats
  • This quiz has been taken 74 times
  • The average score is 319 of 420
Answer Stats
Answer % Correct
i
100%
stop
100%
the
98%
a
95%
you
95%
can
93%
do
93%
me
93%
am
88%
at
88%
it
88%
look
88%
who
88%
he
85%
love
85%
no
85%
of
85%
there
85%
to
85%
be
83%
in
83%
looking
83%
make
83%
your
83%
cannot
80%
done
80%
fear
80%
from
80%
have
80%
like
80%
man
80%
not
80%
please
80%
see
80%
still
80%
what
80%
dont
78%
im
78%
keeps
78%
on
78%
when
78%
by
76%
child
76%
eyes
76%
lamb
76%
nothing
76%
suffer
76%
sweet
76%
blood
73%
cant
73%
face)
73%
face
73%
hide
73%
ive
73%
then
73%
was
73%
woman
73%
already
71%
and
71%
been
71%
blessed
71%
cain
71%
enough
71%
even
71%
fire
71%
followed
71%
had
71%
mourning
71%
rage
71%
too
71%
daughters
68%
feel
68%
iron
68%
its
68%
loves
68%
mothers
68%
rot
68%
run
68%
some
68%
tell
68%
their
68%
theres
68%
with
68%
come
66%
does
66%
fears
66%
forever
66%
is
66%
oh
66%
one
66%
poor
66%
something
66%
take
66%
whore
66%
any
63%
but
63%
nigh
63%
saw
63%
say
63%
wolf
63%
big
61%
crawling
61%
did
61%
first
61%
hiding
61%
invited
61%
much
61%
suffering
61%
thee
61%
thing
61%
twice
61%
upon
61%
walking
61%
brings
59%
comes
59%
fathers
59%
girl
59%
need
59%
as
56%
before
56%
god
56%
hes
56%
now
56%
promising
56%
saying
56%
spilled
56%
wont
56%
yes
56%
bound
54%
eternal
54%
gave
54%
gonna
54%
here
54%
mine
54%
night
54%
sins
54%
white
54%
beautiful
51%
children
51%
conception
51%
dark
51%
felt
51%
floor
51%
light
51%
well
51%
back
49%
calling
49%
contempt
49%
daddys
49%
home
49%
left
49%
mama
49%
only
49%
(show
49%
simply
49%
towards
49%
youd
49%
finite
46%
hatred
46%
heard
46%
long
46%
shadows
46%
through
46%
along
44%
buckled
44%
evil
44%
good
44%
know
44%
lead
44%
promised
44%
that
44%
act
41%
committed
41%
him
41%
nor
41%
senseless
41%
violence
41%
will
41%
each
39%
never
39%
drawing
37%
everyone
37%
move
37%
waiting
37%
again
34%
angry
34%
bated
34%
breath
34%
ferry
34%
tired
34%
No matching quizzes found
Score Distribution
Percent of People with Each Score
Percentile by Number Answered
Your Score History
You have not taken this quiz